000 00832nam a2200205 i 4500
001 bg
100 1 _aGRZESIKIEWICZ, Wiesław
245 0 _aMetody numeryczne wyznaczania sił tarcia suchego w amortyzatorach pociągu ; Stacjonarne drgania belki spoczywającej na półprzestrzeni lepkosprężystej wywołane ruchomym obciążeniem /
_cWiesław Grzesikiewicz, Andrzej Wakulicz / Roman Bogacz, Zofia Rozenbajger.
260 _aWarszawa :
_bWydawnictwa PW,
_c1979.
490 1 _aPrace Naukowe / Politechnika Warszawska. Mechanika ;
_vz.63
700 1 _aWAKULICZ, Andrzej
700 1 _aBogacz, Roman
700 1 _aRozenbajger, Zofia
830 0 _aPrace Naukowe (Politechnika Warszawska).
_pMechanika ;
_vz.63
040 _cBPK
041 _apol
080 _a531/534
942 _cKS
008 s pl f |000 0 pol
999 _c19009
_d19009
856 _uhttp://koha.tu.koszalin.pl/cgi-bin/koha/opac-detail.pl?biblionumber=19009
_yKatalog online BPK